Szczegóły MARC21

Zielony controlling i finanse : studium przypadków /

003 -Nazwa inst., której nr kontr. jest w polu 001 [,]
    • @
    • Nazwa instytucji, której n kontrolny jest w polu 001
    • NUKAT
005 -DATA I CZAS OSTATNIEJ MODYFIKACJI [,]
    • @
    • pole kontrolne
    • 20241231101632.0
020 -Międzynarod. znormalizowany nr książki - ISBN [ , ]
    • a
    • Numer ISBN
    • 9788328328167 Find
040 -Instytucja sporządzająca opis [ , ]
    • a
    • Instytucja, która sporządziła opis (NP)
    • POZN 004/LK
    • b
    • Język katalogowania
    • pol
    • e
    • Zasady katalogowania
    • rda
    • c
    • Instytucja, która sporządziła rekord (NP)
    • POZN 004/LKs
    • d
    • Instytucja, która zmodyfikowała rekord (P)
    • SZCZ U/AB
942 -Rodzaj dokumentu [ , ]
    • c
    • Rodzaj dokumentu
    • Książka
245 -Strefa tytułu i oznaczenia odpowiedzialności [0,0]
    • a
    • Tytuł
    • Zielony controlling i finanse : Find
    • b
    • Ciąg dalszy tytułu (NP)
    • studium przypadków / Find
    • c
    • Pozostałe elementy strefy tytułu i oznaczenia odpowiedzialności (NP)
    • redakcja naukowa Cezary Kochalski ; autorzy Paweł Chudziński, Cezary Kochalski, Jarosław Kubiak, Grzegorz Mikołajewicz, Andrzej Niemiec, Jarosław Nowicki, Piotr Ratajczak, Agata Sierpińska-Sawicz, Aleksandra Szulczewska-Remi, Sławomir Zerbst.
260 -Strefa adresu wydawniczego [ , ]
    • a
    • Miejsce wydania (P)
    • Gliwice :
    • b
    • Nazwa wydawcy (P)
    • Wydawnictwo Helion,
    • c
    • Data wydania (P)
    • 2016.
300 -Strefa opisu fizycznego [ , ]
    • a
    • Określenie formy książki i/lub objętość (NP)
    • 204, [3] strony :
    • b
    • Oznaczenie ilustracji (NP)
    • ilustracje ;
    • c
    • Format (NP)
    • 24 cm.
336 -Typ zawartości [ , ]
    • a
    • Termin opisujący typ zawartości
    • Tekst
    • b
    • Kod określający zawartość
    • txt
    • 2
    • Źródło (terminu i kodu)
    • rdacontent
337 -Typ mediów [ , ]
    • a
    • Tryb odtwarzania
    • Bez urządzenia pośredniczącego
    • b
    • Kod typu mediów
    • n
    • 2
    • Źródło (terminu i kodu)
    • rdamedia
338 -Typ/rodzaj nośnika [ , ]
    • a
    • Hasło opisujące typ nośnika
    • Wolumin
    • b
    • Kod typu nośnika
    • nc
    • 2
    • Źródło (terminu i kodu)
    • rdacarrier
500 -Uwaga ogólna [ , ]
    • a
    • Uwaga ogólna (NP)
    • Data wydania przyjęta z bibliografii - najpóźniejszy dostęp do publikacji elektronicznych to marzec 2016 r.
504 -Uwaga dot. bibliogr. załącznikowej [ , ]
    • a
    • Uwaga dot. bibliografii załącznikowej
    • Bibliografia na stronach 195-201.
080 -Uniwersalna Klasyfikacja Dziesiętna [ , ]
    • 2
    • Identyfikator wydania tablic
    • UDC-P058
    • 9
    • UKD
    • 2182
    • a
    • Symbol klasyfikacji
    • 005.5
    • b
    • Dopowiedzenie
    • Zarządzanie. Działania zarządcze.
    • 4
    • UKD2
    • 7642
    • x
    • Poddział wspólny
    • (438)
    • c
    • Dopowiedzenie poddz. wspólnego
    • (Polska).
080 -Uniwersalna Klasyfikacja Dziesiętna [ , ]
    • 2
    • Identyfikator wydania tablic
    • UDC-P058
    • 9
    • UKD
    • 5620
    • a
    • Symbol klasyfikacji
    • 658.14/.17
    • b
    • Dopowiedzenie
    • Zagadnienia finansowe przedsiębiorstwa. Rozrachunek gospodarczy. Fundusz zakładowy.
    • 4
    • UKD2
    • 7642
    • x
    • Poddział wspólny
    • (438)
    • c
    • Dopowiedzenie poddz. wspólnego
    • (Polska).
080 -Uniwersalna Klasyfikacja Dziesiętna [ , ]
    • 2
    • Identyfikator wydania tablic
    • UDC-P058
    • 9
    • UKD
    • 3995
    • a
    • Symbol klasyfikacji
    • 502.13/.14
    • b
    • Dopowiedzenie
    • Społeczne, administracyjne i prawne aspekty ochrony środowiska (ekologia społeczna). Ekorozwój. Rozwój zrównoważony.
    • 4
    • UKD2
    • 7642
    • x
    • Poddział wspólny
    • (438)
    • c
    • Dopowiedzenie poddz. wspólnego
    • (Polska).
650 -Hasło przedmiotowe [ ,7]
    • a
    • Hasło przedmiotowe
    • Przedsiębiorstwa
    • x
    • Określnik rzeczowy
    • aspekt środowiskowy
    • v
    • Określnik formalny
    • studium przypadku.
    • 2
    • Źródło terminu
    • kaba
    • 9
    • KHW
    • 393896
650 -Hasło przedmiotowe [ ,7]
    • a
    • Hasło przedmiotowe
    • Zarządzanie przedsiębiorstwem
    • x
    • Określnik rzeczowy
    • aspekt środowiskowy
    • v
    • Określnik formalny
    • studium przypadku.
    • 2
    • Źródło terminu
    • kaba
    • 9
    • KHW
    • 393897
650 -Hasło przedmiotowe [ ,7]
    • a
    • Hasło przedmiotowe
    • Ekorozwój
    • v
    • Określnik formalny
    • studium przypadku.
    • 2
    • Źródło terminu
    • kaba
    • 9
    • KHW
    • 366845
650 -Hasło przedmiotowe [ ,7]
    • a
    • Hasło przedmiotowe
    • Przedsiębiorstwa
    • x
    • Określnik rzeczowy
    • rachunkowość
    • v
    • Określnik formalny
    • studium przypadku.
    • 2
    • Źródło terminu
    • kaba
    • 9
    • KHW
    • 393895
650 -Hasło przedmiotowe [ ,7]
    • a
    • Hasło przedmiotowe
    • Przedsiębiorstwa
    • x
    • Określnik rzeczowy
    • finanse
    • v
    • Określnik formalny
    • studium przypadku.
    • 2
    • Źródło terminu
    • kaba
    • 9
    • KHW
    • 361122
980 -Symbol UKD [ , ]
    • a
    • UKD
    • 005.5:658.14/.17:502.13/.14](438)
700 -Hasło dodatkowe - nazwa osobowa [1, ]
    • a
    • Nazwa osobowa (NP)
    • Kochalski, Cezary. Find
    • e
    • Określenie rodzaju współpracy
    • Redakcja
    • e
    • Określenie rodzaju współpracy
    • Autor
    • 9
    • KHW
    • 25128
700 -Hasło dodatkowe - nazwa osobowa [1, ]
    • a
    • Nazwa osobowa (NP)
    • Kubiak, Jarosław Find
    • c
    • Dopowiedzenie inne niż daty biograficzne (NP)
    • (ekonomia).
    • e
    • Określenie rodzaju współpracy
    • Autor
    • 9
    • KHW
    • 96735
700 -Hasło dodatkowe - nazwa osobowa [1, ]
    • a
    • Nazwa osobowa (NP)
    • Mikołajewicz, Grzegorz. Find
    • e
    • Określenie rodzaju współpracy
    • Autor
    • 9
    • KHW
    • 96739
700 -Hasło dodatkowe - nazwa osobowa [1, ]
    • a
    • Nazwa osobowa (NP)
    • Niemiec, Andrzej Find
    • c
    • Dopowiedzenie inne niż daty biograficzne (NP)
    • (ekonomia).
    • e
    • Określenie rodzaju współpracy
    • Autor
    • 9
    • KHW
    • 96744
700 -Hasło dodatkowe - nazwa osobowa [1, ]
    • a
    • Nazwa osobowa (NP)
    • Nowicki, Jarosław. Find
    • e
    • Określenie rodzaju współpracy
    • Autor
    • 9
    • KHW
    • 96737
700 -Hasło dodatkowe - nazwa osobowa [1, ]
    • a
    • Nazwa osobowa (NP)
    • Ratajczak, Piotr Find
    • c
    • Dopowiedzenie inne niż daty biograficzne (NP)
    • (finanse).
    • e
    • Określenie rodzaju współpracy
    • Autor
    • 9
    • KHW
    • 96740
700 -Hasło dodatkowe - nazwa osobowa [1, ]
    • a
    • Nazwa osobowa (NP)
    • Sierpińska-Sawicz, Agata. Find
    • e
    • Określenie rodzaju współpracy
    • Autor
    • 9
    • KHW
    • 96736
700 -Hasło dodatkowe - nazwa osobowa [1, ]
    • a
    • Nazwa osobowa (NP)
    • Szulczewska-Remi, Aleksandra. Find
    • e
    • Określenie rodzaju współpracy
    • Autor
    • 9
    • KHW
    • 96741
700 -Hasło dodatkowe - nazwa osobowa [1, ]
    • a
    • Nazwa osobowa (NP)
    • Zerbst, Sławomir. Find
    • e
    • Określenie rodzaju współpracy
    • Autor
    • 9
    • KHW
    • 96742
700 -Hasło dodatkowe - nazwa osobowa [1, ]
    • a
    • Nazwa osobowa (NP)
    • Chudziński, Paweł. Find
    • e
    • Określenie rodzaju współpracy
    • Autor
    • 9
    • KHW
    • 96738
710 -Hasło dodatkowe - nazwa ciała zbiorowego [2, ]
    • a
    • Nazwa ciała zbiorowego lub nazwa geograficzna jako pierwszy element (NP)
    • Grupa Wydawnicza Helion.
    • e
    • Rodzaj współpracy
    • Wydawca
    • 4
    • Kod relacji
    • pbl
    • 9
    • KHW
    • 51611
920 -ISBN [ , ]
    • a
    • ISBN
    • 978-83-283-2816-7 Find
Numer inwentarzowy Status udost. Data inwentaryzacji Lokalizacja
E.76587-22016-07-11BE
S.95812-22018-10-31BE
S.98214-22023-04-04BE